Normal view MARC view
  • Ashok Kumar Y

Entry Personal Name

Number of records used in: 3

001 - CONTROL NUMBER

  • control field: 9919

003 - CONTROL NUMBER IDENTIFIER

  • control field: OSt

005 - DATE AND TIME OF LATEST TRANSACTION

  • control field: 20260216144123.0

008 - FIXED-LENGTH DATA ELEMENTS

  • fixed length control field: 260216|| aca||aabn | a|a d

040 ## - CATALOGING SOURCE

  • Original cataloging agency: OSt
  • Transcribing agency: OSt

100 ## - HEADING--PERSONAL NAME

  • Personal name: Ashok Kumar Y

670 ## - SOURCE DATA FOUND

  • Source citation: Work cat.: (OSt)756150: Ashok Kumar Y, Dalit and Indian caste system, 2025